[Event "Sant Adria de Besos op-B 5th"]
[Site "Sant Adria de Besos"]
[Date "2023.08.16"]
[Round "7"]
[White "Rojo Serradilla, Alejandro"]
[Black "Abascal Vicente, Ignacio"]
[Result "0-1"]
[WhiteElo "1420"]
[BlackElo "1540"]
[PlyCount "66"]
[EventDate "2023.08.11"]
[EventType "swiss"]
[EventRounds "9"]
[EventCountry "ESP"]
[SourceTitle "EXT 2024"]
[Source "ChessBase"]
[SourceDate "2023.10.10"]
[SourceVersion "1"]
[SourceVersionDate "2023.10.10"]
[SourceQuality "1"]

1. e4 e5 2. Nf3 Nc6 3. Bc4 Be7 4. c3 d6 5. d3 Nf6 6. Bb3 0-0 7. Nbd2 d5 8. Qe2 d4 9. Nf1 h6 10. Ng3 Bd6 11. h3 Na5 12. Bc2 c5 13. c4 Nc6 14. a3 Ne7 15. Nh2 Ng6 16. Ng4 Nf4 17. Qf3 Nh7 18. Kf1 Ng5 19. Qd1 f5 20. exf5 Bxf5 21. Nxf5 Rxf5 22. h4 Nge6 23. g3 Nh5 24. Kg2 Qd7 25. Qe1 Raf8 26. Qe4 Qf7 27. Rf1 Nf6 28. Nxf6+ Rxf6 29. Qe2 Qg6 30. Qe4 Nf4+ 31. Kh2 Qg4 32. Bxf4 exf4 33. Qg2 Rg6 0-1